| 000 | 00515cam a2200157 4500500 | ||
|---|---|---|---|
| 005 | 20260201111111.0 | ||
| 041 | _afre | ||
| 042 | _adc | ||
| 100 | 1 | 0 |
_aWeydert, Jean _eauthor |
| 245 | 0 | 0 | _aPremiers pas |
| 260 | _c2007. | ||
| 500 | _a13 | ||
| 520 | _aResumé La priorité des gouvernements travaillistes : viser l’exclusion sociale. | ||
| 786 | 0 | _nRevue Projet | 297 | 2 | 2007-05-02 | p. 78-78 | 0033-0884 | |
| 856 | 4 | 1 | _uhttps://shs.cairn.info/revue-projet-2007-2-page-78?lang=fr&redirect-ssocas=7080 |
| 999 |
_c1641429 _d1641429 |
||